| 000 | 00413nam a22001457a 4500 | ||
|---|---|---|---|
| 020 | _a81-7224-144-5 | ||
| 082 |
_a627 _bROB _cL-22, P-54 |
||
| 100 |
_aRoberson, John A _93088 |
||
| 245 |
_aHydraulic Engineering/ _cRoberson, John A |
||
| 260 |
_aBombay: _bJaico Publicshing house; _c1993. |
||
| 300 |
_a662p.: _bill,; _c20 cm. |
||
| 526 |
_a0 _b0 _c0 _d627_000000000000000_ROB |
||
| 650 |
_aMCE _9379 |
||
| 942 |
_2ddc _cBK |
||
| 999 |
_c547822 _d547822 |
||